00972nam a2200217 a 450000100100000000500170001000800410002704000250006808200150009310000530010824500780016126000510023930000210029049000700031150000620038150000730044374000290051683000790054595201130062499900170073700004455920201002045448.0140716s1984 cl 000 0 spa d aDO-SdBNPbspacBNPHU axxxxbxxxx1 aCalderón de la Barca, Pedro,d1600-1681.9554713aLa vida es sueño :bEl gran teatro del mundo /cCalderón de la Barca. aSantiago de Chile :bEditorial Ercilla,c1984. a237 p. ;c18 cm.1 aBiblioteca ErcillaaMejores libros de la literatura españolav9 aDos obras encuadernadas juntas con paginación continua. aIncluye referencias bibliográficas y notas al pie de las páginas02aEl gran teatro del mundo 0aBiblioteca ErcillapMejores libros de la literatura española ;n9972577 001050718MOaGRbGRcCTd2014-07-16iLF1l0oxxxx xxxxp44559-10r2020-06-25w2020-06-25y1ZNo se presta c44048d44048